| 000 | nam a22 7a 4500 | ||
|---|---|---|---|
| 999 |
_c7159 _d7159 |
||
| 003 | OSt | ||
| 005 | 20181008153047.0 | ||
| 008 | 021111s2018 spco || 000 ||spa|d | ||
| 017 | _aDL B. 3583-1991 | ||
| 020 | _a8426113384 | ||
| 035 | _a8426113384 | ||
| 035 | _a2238-47560 | ||
| 040 |
_aES-BaCBU _bcat _cCDMR |
||
| 100 | 1 |
_aSoriano, Tino _d1955- _9237 |
|
| 245 | 1 | 0 |
_aLos secretos de la fotografia de viajes _c/ Tino Soriano |
| 260 |
_aMadrid : _bAnaya Multimedia _c2018 |
||
| 300 |
_a272 p. : _bil. col.; |
||
| 650 | 4 |
_aFotografia _2lemac _94439 _vManuals, guies, etc. |
|
| 650 | 0 | 7 |
_aFotografia documental _93095 |
| 942 | _cMON | ||